[Event "Chigorin Memorial 2018"]
[Site "St. Petersburg"]
[Date "2018.10.28"]
[Round "2.130"]
[White "Laukhina, Margarita A."]
[Black "Shihaliev, Leonard"]
[Result "0-1"]
[WhiteElo "1555"]
[BlackElo "2010"]
[PlyCount "138"]
[EventDate "2018.10.27"]
[EventType "swiss"]
[EventCountry "RUS"]
[WhiteTeam "Russland"]
[BlackTeam "Russland"]
[WhiteTeamCountry "RUS"]
[BlackTeamCountry "RUS"]

1. e4 c5 2. Nf3 Nc6 3. d4 cxd4 4. Nxd4 Nf6 5. Nc3 e6 6. Be3 Bb4 7. Bd3 d5 8. Nxc6 bxc6 9. exd5 exd5 10. Bd2 O-O 11. O-O Bg4 12. Be2 Bf5 13. a3 Bd6 14. b4 Re8 15. Be3 Be5 16. Bd4 Bxc2 17. Qxc2 Bxd4 18. Bd3 Be5 19. Rab1 g6 20. Ne2 Qb6 21. h3 Nd7 22. Nc1 Rac8 23. Rd1 Re6 24. Bf1 Rce8 25. Nb3 Bf6 26. b5 Kg7 27. a4 cxb5 28. Bxb5 R8e7 29. Rxd5 Re1+ 30. Rxe1 Rxe1+ 31. Kh2 Ne5 32. Qc5 Qb8 33. Qd6 Qxd6 34. Rxd6 Nf3+ 35. Kg3 Be5+ 36. Kxf3 Bxd6 37. Na5 Bc7 38. Nb3 Bb6 39. Nd2 f5 40. Nc4 Kf6 41. Nd6 Ra1 42. Nc4 Ra2 43. Nxb6 axb6 44. Ke3 Ke5 45. g3 Rb2 46. Be8 Rb3+ 47. Ke2 Kd4 48. h4 Rc3 49. Bd7 Rc7 50. Bb5 Kc3 51. Kf3 Kb4 52. Kf4 Ra7 53. Kg5 Rxa4 54. Bxa4 Kxa4 55. Kh6 b5 56. Kxh7 b4 57. Kxg6 b3 58. h5 b2 59. h6 b1=Q 60. h7 Qb2 61. Kf7 Qh8 62. Kg6 Kb5 63. f3 Kc6 64. g4 fxg4 65. fxg4 Kd7 66. g5 Ke7 67. Kh6 Kf7 68. g6+ Kf6 69. Kh5 Qa8 0-1

[Event "Chigorin Memorial 2018"]
[Site "St. Petersburg"]
[Date "2018.10.28"]
[Round "2.131"]
[White "Slugin, Yaroslav"]
[Black "Khalilov, Emin"]
[Result "1-0"]
[WhiteElo "2009"]
[BlackElo "1556"]
[PlyCount "71"]
[EventDate "2018.10.27"]
[EventType "swiss"]
[EventCountry "RUS"]
[WhiteTeam "Russland"]
[BlackTeam "Aserbeidschan"]
[WhiteTeamCountry "RUS"]
[BlackTeamCountry "AZE"]

1. d4 Nf6 2. Nf3 e6 3. Bg5 h6 4. Bxf6 Qxf6 5. e4 d6 6. Nbd2 g6 7. c3 Bg7 8. Be2 O-O 9. O-O Nd7 10. Nc4 b6 11. a4 Bb7 12. Bd3 Qe7 13. Re1 c5 14. e5 dxe5 15. dxe5 Rfd8 16. Qe2 Bc6 17. Be4 Nb8 18. Rad1 Bxe4 19. Qxe4 Na6 20. Rd6 Qc7 21. Red1 Bf8 22. R6d3 Be7 23. h3 Rxd3 24. Rxd3 Rd8 25. Rxd8+ Qxd8 26. Qb7 Qd1+ 27. Kh2 Qxa4 28. Nfd2 Bg5 29. b3 Qa2 30. Ne4 Qe2 31. Ncd6 Bf4+ 32. g3 Bxe5 33. Qxf7+ Kh8 34. Qe8+ Kg7 35. Qd7+ Kh8 36. Nf7+ 1-0

[Event "Chigorin Memorial 2018"]
[Site "St. Petersburg"]
[Date "2018.10.28"]
[Round "2.132"]
[White "Pradeep, Pandya"]
[Black "Mamontova, Anastasia"]
[Result "0-1"]
[WhiteElo "1537"]
[BlackElo "2009"]
[PlyCount "58"]
[EventDate "2018.10.27"]
[EventType "swiss"]
[EventCountry "RUS"]
[WhiteTeam "Indien"]
[BlackTeam "Russland"]
[WhiteTeamCountry "IND"]
[BlackTeamCountry "RUS"]

1. d4 Nf6 2. c4 e6 3. Nc3 Bb4 4. Qc2 d5 5. Bg5 dxc4 6. e4 Qxd4 7. Rd1 Bxc3+ 8. bxc3 Qc5 9. Nf3 Nbd7 10. Be3 Qc6 11. Rd4 b5 12. Bg5 e5 13. Nxe5 Nxe5 14. f4 Ng6 15. e5 h6 16. exf6 hxg5 17. Qe2+ Be6 18. fxg7 Rg8 19. f5 Rxg7 20. fxe6 fxe6 21. Qh5 Qc5 22. Qf3 Rd8 23. Qf6 Rxd4 24. Qxg7 Re4+ 25. Be2 Nf4 26. Qg8+ Qf8 27. Qxf8+ Kxf8 28. O-O Rxe2 29. g3 e5 0-1

[Event "Chigorin Memorial 2018"]
[Site "St. Petersburg"]
[Date "2018.10.28"]
[Round "2.133"]
[White "Levicheva, Ekaterina"]
[Black "Shevtsova, Stefania"]
[Result "1-0"]
[WhiteElo "2004"]
[BlackElo "1553"]
[PlyCount "79"]
[EventDate "2018.10.27"]
[EventType "swiss"]
[EventCountry "RUS"]
[WhiteTeam "Russland"]
[BlackTeam "Russland"]
[WhiteTeamCountry "RUS"]
[BlackTeamCountry "RUS"]

1. e4 c6 2. d4 d5 3. Nc3 dxe4 4. Nxe4 Nf6 5. Ng3 g6 6. c3 Bg7 7. Bc4 O-O 8. N1e2 Nbd7 9. h4 e5 10. h5 Nb6 11. Bb3 exd4 12. hxg6 hxg6 13. cxd4 Re8 14. Bg5 Be6 15. Bxe6 Rxe6 16. Kf1 Nbd5 17. Qd2 Qe7 18. a3 Re8 19. Re1 Qd6 20. f3 c5 21. Bh6 Ne3+ 22. Bxe3 Rxe3 23. Rh4 b6 24. Rd1 cxd4 25. Rxd4 Qe5 26. Rd8 Bh6 27. Rxe8+ Qxe8 28. Qd4 Bg7 29. Qc4 Nd7 30. Ne4 Bxb2 31. Qc7 Nf8 32. Kf2 Rxa3 33. Rd8 Qe6 34. Qb8 Bg7 35. Re8 Qc6 36. Rc8 Qa4 37. Qd6 Kh7 38. Rxf8 Bxf8 39. Qxf8 Qc6 40. Qxa3 1-0

[Event "Chigorin Memorial 2018"]
[Site "St. Petersburg"]
[Date "2018.10.28"]
[Round "2.135"]
[White "Tarielashvili, Diana"]
[Black "Kirchei, Viktoriia"]
[Result "1-0"]
[WhiteElo "1503"]
[BlackElo "2002"]
[PlyCount "69"]
[EventDate "2018.10.27"]
[EventType "swiss"]
[EventCountry "RUS"]
[WhiteTeam "Russland"]
[BlackTeam "Russland"]
[WhiteTeamCountry "RUS"]
[BlackTeamCountry "RUS"]

1. e4 c5 2. Nf3 Nc6 3. d4 cxd4 4. Nxd4 g6 5. Nc3 Bg7 6. Be3 Nf6 7. Nxc6 bxc6 8. e5 Nd5 9. Nxd5 cxd5 10. Qxd5 Rb8 11. O-O-O Qc7 12. f4 O-O 13. Qc5 Qb7 14. b3 a6 15. Qxe7 a5 16. Qc5 Bh6 17. Qxa5 Ra8 18. Qd5 Qb8 19. Kb1 Ba6 20. Qd6 Qb7 21. Qxd7 Qb4 22. Qd4 Qa5 23. Qc5 Bb5 24. a4 Rfb8 25. Bxb5 Bf8 26. Qc4 Bb4 27. e6 Rxb5 28. exf7+ Kf8 29. c3 Ba3 30. Qxb5 Qxc3 31. Bd4 Qc7 32. Rhe1 Qxf7 33. Bc5+ Bxc5 34. Qxc5+ Kg8 35. Qd5 1-0

[Event "Chigorin Memorial 2018"]
[Site "St. Petersburg"]
[Date "2018.10.28"]
[Round "2.136"]
[White "Mkrtchyan, Mariam"]
[Black "Petrova, Anzhelika"]
[Result "1-0"]
[WhiteElo "2001"]
[BlackElo "1445"]
[PlyCount "77"]
[EventDate "2018.10.27"]
[EventType "swiss"]
[EventCountry "RUS"]
[WhiteTeam "Armenien"]
[BlackTeam "Russland"]
[WhiteTeamCountry "ARM"]
[BlackTeamCountry "RUS"]

1. d4 d5 2. Nf3 Nf6 3. c4 dxc4 4. Nc3 c5 5. d5 e6 6. e4 exd5 7. exd5 Bd6 8. Bxc4 O-O 9. O-O Nbd7 10. a4 Nb6 11. Ba2 a5 12. Qd3 h6 13. Rd1 Bd7 14. Bc4 Nxc4 15. Qxc4 Bg4 16. Rd3 Re8 17. Bf4 Bf5 18. Re3 Rxe3 19. fxe3 Bxf4 20. Qxf4 Bc2 21. Ne1 Bb3 22. e4 Qe7 23. Nf3 Re8 24. Re1 Qd7 25. h3 Bc2 26. Kf2 Qd8 27. Nd2 Bd3 28. Qf3 Qb6 29. Qxd3 c4+ 30. Qe3 Qxb2 31. Kf1 Qb4 32. Rb1 Qe7 33. Qd4 Rc8 34. e5 Nd7 35. Rxb7 Qxe5 36. Nf3 Qxd4 37. Nxd4 Nf6 38. Rb5 Ra8 39. Nc6 1-0

[Event "Chigorin Memorial 2018"]
[Site "St. Petersburg"]
[Date "2018.10.28"]
[Round "2.137"]
[White "Lapin, Artem"]
[Black "Vasilyev, Alexey"]
[Result "0-1"]
[WhiteElo "1496"]
[BlackElo "1995"]
[PlyCount "84"]
[EventDate "2018.10.27"]
[EventType "swiss"]
[EventCountry "RUS"]
[WhiteTeam "Russland"]
[BlackTeam "Russland"]
[WhiteTeamCountry "RUS"]
[BlackTeamCountry "RUS"]

1. e4 c5 2. Nf3 e6 3. d4 cxd4 4. Nxd4 Nc6 5. Be3 Nf6 6. Bd3 Be7 7. Nd2 Qc7 8. Nb5 Qb8 9. f4 d6 10. a4 b6 11. c3 O-O 12. h3 e5 13. f5 d5 14. Qf3 dxe4 15. Bxe4 Nxe4 16. Nxe4 f6 17. Rd1 Bb7 18. Qg4 Kh8 19. Qh5 Na5 20. Nbd6 Bc6 21. b4 Nb7 22. b5 Nxd6 23. Nxd6 Bxd6 24. bxc6 Qc7 25. Qf3 Rac8 26. h4 Qxc6 27. Qxc6 Rxc6 28. h5 h6 29. Ke2 Bc5 30. Bc1 a5 31. Rh3 e4 32. Rd7 Rfc8 33. Rg3 Bf8 34. Bd2 Rc5 35. Rh3 Rxf5 36. g4 Rfc5 37. Rb7 Rc4 38. Rxb6 Rxa4 39. Re6 Rd8 40. Ke1 Ra1+ 41. Ke2 Ra2 42. Rxe4 Raxd2+ 0-1

[Event "Chigorin Memorial 2018"]
[Site "St. Petersburg"]
[Date "2018.10.28"]
[Round "2.138"]
[White "Yudkevich, Mikhail"]
[Black "Mustafazade, Fikrat"]
[Result "1-0"]
[WhiteElo "1993"]
[BlackElo "1404"]
[PlyCount "95"]
[EventDate "2018.10.27"]
[EventType "swiss"]
[EventCountry "RUS"]
[WhiteTeam "Russland"]
[BlackTeam "Aserbeidschan"]
[WhiteTeamCountry "RUS"]
[BlackTeamCountry "AZE"]

1. f4 e6 2. Nf3 c5 3. g3 d5 4. Bg2 Nf6 5. d3 Nc6 6. Na3 Be7 7. c4 d4 8. O-O O-O 9. Bd2 a6 10. Kh1 Bd7 11. h3 Rb8 12. g4 Bd6 13. e4 e5 14. f5 g6 15. Rg1 Kh8 16. Qe2 h5 17. g5 Nh7 18. f6 Qc8 19. Kh2 Be6 20. Nh4 b5 21. b3 bxc4 22. Nxc4 Bxc4 23. dxc4 a5 24. Bf3 Ne7 25. Bxa5 Qe6 26. fxe7 Bxe7 27. Bd2 d3 28. Qe3 Rg8 29. Raf1 Rb6 30. Bd1 Ra6 31. a4 Rc6 32. Bc3 Rd6 33. Nf3 f6 34. gxf6 Bxf6 35. Qxc5 g5 36. Bxe5 Bxe5+ 37. Qxe5+ Rg7 38. Qxe6 Rxe6 39. Nd2 Nf6 40. Rf5 Nxe4 41. Nxe4 Rxe4 42. Rfxg5 Rxg5 43. Rxg5 Re1 44. Bxh5 Kh7 45. a5 Kh6 46. Rb5 Re6 47. Bg4 d2 48. Rb6 1-0

[Event "Chigorin Memorial 2018"]
[Site "St. Petersburg"]
[Date "2018.10.28"]
[Round "2.139"]
[White "Mutina, Sofia"]
[Black "Rudikov, Dmitry"]
[Result "0-1"]
[WhiteElo "1441"]
[BlackElo "1990"]
[PlyCount "72"]
[EventDate "2018.10.27"]
[EventType "swiss"]
[EventCountry "RUS"]
[WhiteTeam "Russland"]
[BlackTeam "Russland"]
[WhiteTeamCountry "RUS"]
[BlackTeamCountry "RUS"]

1. b3 d5 2. Bb2 Bg4 3. h3 Bh5 4. Nf3 Bxf3 5. exf3 e6 6. Bd3 Nf6 7. O-O c5 8. Nc3 Nc6 9. Re1 Bd6 10. Ne2 O-O 11. c4 d4 12. Nc1 Bc7 13. Bf1 Qd6 14. g3 e5 15. Bg2 Rae8 16. d3 Nh5 17. a3 a5 18. Na2 f5 19. Qd2 Nf6 20. Rac1 Rf7 21. b4 b6 22. b5 Ne7 23. Rcd1 Ng6 24. Nc1 h6 25. a4 Rfe7 26. Qc2 h5 27. Re2 h4 28. g4 Nf4 29. Ree1 Nxg2 30. Kxg2 e4 31. Rh1 exf3+ 32. Kf1 Re2 33. Qb3 Rxf2+ 34. Kxf2 Qg3+ 35. Kf1 Re1+ 36. Rxe1 Qg2# 0-1

[Event "Chigorin Memorial 2018"]
[Site "St. Petersburg"]
[Date "2018.10.28"]
[Round "2.140"]
[White "Popovich, Alexey"]
[Black "Romanov, Ivan I."]
[Result "1-0"]
[WhiteElo "1984"]
[BlackElo "1385"]
[PlyCount "75"]
[EventDate "2018.10.27"]
[EventType "swiss"]
[EventCountry "RUS"]
[WhiteTeam "Russland"]
[BlackTeam "Russland"]
[WhiteTeamCountry "RUS"]
[BlackTeamCountry "RUS"]

1. e4 c5 2. Nf3 d6 3. Bb5+ Bd7 4. Bxd7+ Qxd7 5. c4 Nf6 6. Nc3 g6 7. d4 cxd4 8. Nxd4 Nc6 9. b3 Bg7 10. Bb2 O-O 11. O-O a6 12. Nxc6 bxc6 13. Na4 Qc7 14. Qd3 Nd7 15. Bxg7 Kxg7 16. Rad1 Nf6 17. Rfe1 Rad8 18. Qc3 Kg8 19. c5 dxc5 20. Nxc5 Qb6 21. Qc4 a5 22. e5 Nd5 23. e6 Qb4 24. Nd7 fxe6 25. Nxf8 Rxf8 26. Qxc6 Nf4 27. Re4 Qa3 28. Qc4 g5 29. Rd2 Rb8 30. g3 Rb4 31. Qc8+ Kf7 32. Re1 Rb6 33. gxf4 Qb4 34. Qc2 Qxf4 35. Qxh7+ Kf6 36. Rd3 Qg4+ 37. Rg3 Qf5 38. Qh6+ 1-0

[Event "Chigorin Memorial 2018"]
[Site "St. Petersburg"]
[Date "2018.10.28"]
[Round "2.141"]
[White "Naryshkina, Irina"]
[Black "Wartiovaara, Oliver"]
[Result "0-1"]
[WhiteElo "1425"]
[BlackElo "1984"]
[PlyCount "78"]
[EventDate "2018.10.27"]
[EventType "swiss"]
[EventCountry "RUS"]
[WhiteTeam "Russland"]
[BlackTeam "Finnland"]
[WhiteTeamCountry "RUS"]
[BlackTeamCountry "FIN"]

1. d4 Nf6 2. c4 g6 3. Nf3 Bg7 4. Nc3 d5 5. c5 O-O 6. Bf4 c6 7. e3 Nfd7 8. Be2 e5 9. Nxe5 Nxe5 10. Bxe5 Bxe5 11. dxe5 Qe7 12. Qd4 Nd7 13. f4 Nxc5 14. O-O-O a5 15. h4 a4 16. e4 Ne6 17. Qf2 d4 18. Nb1 Qc5+ 19. Kd2 Qb4+ 20. Kc1 Rd8 21. Na3 Nc5 22. Qf3 d3 23. Bxd3 Bg4 24. Qxg4 Nxd3+ 25. Rxd3 Rxd3 26. e6 Qxe4 27. exf7+ Kxf7 28. Nc2 Rad8 29. Re1 Qf5 30. Qg5 Qxg5 31. fxg5 Re8 32. Rf1+ Kg7 33. Rf4 Rf8 34. Re4 Rf1+ 35. Ne1 a3 36. Kc2 axb2 37. Re7+ Kf8 38. Rxb7 Rxe1 39. Rb8+ Re8 0-1

[Event "Chigorin Memorial 2018"]
[Site "St. Petersburg"]
[Date "2018.10.28"]
[Round "2.142"]
[White "Airapetyan, Anzhelika"]
[Black "Yarosh, Ruslan"]
[Result "1/2-1/2"]
[WhiteElo "1397"]
[BlackElo "1981"]
[PlyCount "91"]
[EventDate "2018.10.27"]
[EventType "swiss"]
[EventCountry "RUS"]
[WhiteTeam "Russland"]
[BlackTeam "Russland"]
[WhiteTeamCountry "RUS"]
[BlackTeamCountry "RUS"]

1. e4 d5 2. exd5 Qxd5 3. Nc3 Qd8 4. d4 Nf6 5. Nf3 Bg4 6. Be3 e6 7. Bb5+ c6 8. Be2 Nbd7 9. Qd2 Bd6 10. Bf4 Qe7 11. Bxd6 Qxd6 12. a3 O-O 13. O-O Rfd8 14. Rad1 a5 15. h3 Bh5 16. Qe3 Bxf3 17. Bxf3 Nd5 18. Nxd5 cxd5 19. Qb3 b5 20. Be2 b4 21. axb4 axb4 22. Ra1 Rab8 23. Ra6 Qf4 24. Qe3 Qc7 25. Qd2 Rdc8 26. Bd3 Nb6 27. Rfa1 Nc4 28. Qc1 g6 29. Ra7 Rb7 30. Ra8 Kg7 31. Rxc8 Qxc8 32. b3 Rd7 33. bxc4 dxc4 34. Bf1 Rxd4 35. Ra4 c3 36. Bd3 e5 37. Qe3 Qc7 38. f4 Rxf4 39. Be4 Qd6 40. g3 Rf6 41. Kg2 Re6 42. Ra7 Rf6 43. Bd3 Re6 44. Ra6 Qd5+ 45. Kf2 Re7 46. Qb6 1/2-1/2

[Event "Chigorin Memorial 2018"]
[Site "St. Petersburg"]
[Date "2018.10.28"]
[Round "2.143"]
[White "Ismagilov, Igor"]
[Black "Lozovoi, Georgy"]
[Result "1-0"]
[WhiteElo "1979"]
[BlackElo "1315"]
[PlyCount "101"]
[EventDate "2018.10.27"]
[EventType "swiss"]
[EventCountry "RUS"]
[WhiteTeam "Russland"]
[BlackTeam "Russland"]
[WhiteTeamCountry "RUS"]
[BlackTeamCountry "RUS"]

1. d4 d5 2. Bf4 Bf5 3. e3 Nf6 4. c4 e6 5. Nc3 c5 6. Nf3 Nc6 7. Be2 Be7 8. dxc5 Bxc5 9. cxd5 exd5 10. O-O O-O 11. Bg5 d4 12. Na4 d3 13. Nxc5 dxe2 14. Qxe2 Qe7 15. Nb3 Rad8 16. Rfd1 Bg4 17. h3 Bh5 18. Rxd8 Rxd8 19. Rd1 Rc8 20. Nbd4 Nxd4 21. Rxd4 h6 22. Bf4 Qc5 23. b3 Qc1+ 24. Qd1 Kh7 25. Qxc1 Rxc1+ 26. Kh2 Bxf3 27. gxf3 Rc2 28. Ra4 a6 29. Kg2 Nd5 30. Rd4 Nf6 31. a4 Rb2 32. Rb4 Nd5 33. Rxb7 Kg8 34. Rb8+ Kh7 35. b4 Rxb4 36. Rxb4 Nxb4 37. Bd6 Nd3 38. Kf1 Kg6 39. Ke2 Nb2 40. Be5 Nxa4 41. Bd4 f6 42. f4 f5 43. f3 Kh5 44. Kf2 Kg6 45. e4 a5 46. Ke3 h5 47. h4 fxe4 48. fxe4 Kf7 49. Kd3 g6 50. Kc4 Ke6 51. Kb5 1-0

[Event "Chigorin Memorial 2018"]
[Site "St. Petersburg"]
[Date "2018.10.28"]
[Round "2.144"]
[White "Kobak, Polina"]
[Black "Protasova, Anastasia"]
[Result "0-1"]
[WhiteElo "1373"]
[BlackElo "1974"]
[PlyCount "62"]
[EventDate "2018.10.27"]
[EventType "swiss"]
[EventCountry "RUS"]
[WhiteTeam "Russland"]
[BlackTeam "Russland"]
[WhiteTeamCountry "RUS"]
[BlackTeamCountry "RUS"]

1. d4 Nf6 2. c4 e6 3. g3 d5 4. Nf3 Be7 5. Bg2 O-O 6. O-O dxc4 7. Ne5 Nc6 8. Bxc6 bxc6 9. Nxc6 Qe8 10. Nxe7+ Qxe7 11. Qc2 e5 12. Rd1 exd4 13. Rxd4 Be6 14. Nc3 c5 15. Rd1 Rfd8 16. Bf4 Nd5 17. Nxd5 Bxd5 18. f3 Be6 19. e4 Qb7 20. Rd2 Rd3 21. Rad1 Rxd2 22. Qxd2 h6 23. Be5 a5 24. Qd6 Qc8 25. Qb6 a4 26. a3 f6 27. Bc7 Kf7 28. Rd6 Qe8 29. Qb7 Rc8 30. Bd8+ Kg8 31. Qxc8 Bxc8 0-1

[Event "Chigorin Memorial 2018"]
[Site "St. Petersburg"]
[Date "2018.10.28"]
[Round "2.145"]
[White "Pestryakov, Nikita"]
[Black "Mashkov, Viacheslav"]
[Result "1-0"]
[WhiteElo "1959"]
[BlackElo "1281"]
[PlyCount "79"]
[EventDate "2018.10.27"]
[EventType "swiss"]
[EventCountry "RUS"]
[WhiteTeam "Russland"]
[BlackTeam "Russland"]
[WhiteTeamCountry "RUS"]
[BlackTeamCountry "RUS"]

1. e4 c5 2. Nf3 Nc6 3. d4 cxd4 4. Nxd4 g6 5. Nc3 Nf6 6. Be3 Bg7 7. Nxc6 bxc6 8. e5 Ng8 9. Bd4 Qc7 10. e6 Bxd4 11. exf7+ Kxf7 12. Qxd4 Nf6 13. O-O-O d6 14. Be2 Be6 15. Bf3 Rab8 16. Rhe1 c5 17. Qe3 Bc4 18. b3 Ba6 19. Nd5 Nxd5 20. Bxd5+ Ke8 21. Qe6 Bc8 22. Qf6 Kd8 23. Qxh8+ Kd7 24. Qf8 Qd8 25. Rxe7+ Qxe7 26. Bc6+ Kxc6 27. Qxe7 d5 28. Qf6+ Kb7 29. Rxd5 Ka8 30. Rxc5 Bb7 31. f3 Re8 32. Re5 Rc8 33. Qf7 Rb8 34. Re8 Bc8 35. Qc7 a6 36. Rxc8 Rxc8 37. Qxc8+ Ka7 38. Qc7+ Ka8 39. c4 a5 40. c5 1-0

[Event "Chigorin Memorial 2018"]
[Site "St. Petersburg"]
[Date "2018.10.28"]
[Round "2.146"]
[White "Burkin, Aleksandr"]
[Black "Putrenko, Kirill"]
[Result "0-1"]
[WhiteElo "1309"]
[BlackElo "1955"]
[PlyCount "136"]
[EventDate "2018.10.27"]
[EventType "swiss"]
[EventCountry "RUS"]
[WhiteTeam "Russland"]
[BlackTeam "Russland"]
[WhiteTeamCountry "RUS"]
[BlackTeamCountry "RUS"]

1. e4 c5 2. Nf3 e6 3. c3 d5 4. exd5 Qxd5 5. d4 Nf6 6. Na3 a6 7. Nc4 Nbd7 8. Be2 Qc6 9. h3 b5 10. Nce5 Qb6 11. Nxd7 Nxd7 12. Be3 Bb7 13. Qd2 Be7 14. Rd1 Rd8 15. Qc2 O-O 16. O-O Nf6 17. dxc5 Bxc5 18. Bxc5 Qxc5 19. Rfe1 Be4 20. Qc1 Bd5 21. Rf1 Bxa2 22. Rxd8 Rxd8 23. Qa1 Bc4 24. Bxc4 bxc4 25. Qxa6 h6 26. Qa1 Ne4 27. Qc1 Qb6 28. Qc2 Nc5 29. Re1 Nd3 30. Re2 Ra8 31. Qb1 Qb3 32. Rc2 Ra2 33. Nd2 Rxb2 34. Rxb2 Qxb2 35. Qxb2 Nxb2 36. Kf1 Na4 37. Nxc4 Nxc3 38. Ke1 Kf8 39. Kd2 Nd5 40. Ne3 Nxe3 41. Kxe3 Ke7 42. Kd4 Kd6 43. Kd3 Kd5 44. g3 e5 45. g4 g6 46. h4 f6 47. h5 gxh5 48. gxh5 f5 49. f3 f4 50. Kd2 Kd4 51. Ke2 Kc3 52. Ke1 Kd3 53. Kf2 Kd2 54. Kf1 Ke3 55. Kg2 Ke2 56. Kg1 Kxf3 57. Kf1 e4 58. Ke1 e3 59. Kf1 Kg3 60. Ke1 Kg2 61. Ke2 f3+ 62. Ke1 f2+ 63. Ke2 f1=Q+ 64. Kxe3 Qf3+ 65. Kd2 Qb3 66. Ke1 Qb2 67. Kd1 Kf3 68. Ke1 Qe2# 0-1

[Event "Chigorin Memorial 2018"]
[Site "St. Petersburg"]
[Date "2018.10.28"]
[Round "2.149"]
[White "Zasukhin, Mikhail"]
[Black "Bobrov, Vladimir"]
[Result "1-0"]
[WhiteElo "1943"]
[BlackElo "1219"]
[PlyCount "79"]
[EventDate "2018.10.27"]
[EventType "swiss"]
[EventCountry "RUS"]
[WhiteTeam "Russland"]
[BlackTeam "Russland"]
[WhiteTeamCountry "RUS"]
[BlackTeamCountry "RUS"]

1. d4 d5 2. Nf3 Nc6 3. Bf4 Bf5 4. c3 e6 5. e3 a6 6. Bd3 Nge7 7. O-O Bg4 8. h3 Bh5 9. Nbd2 Bg6 10. Qc2 Nf5 11. e4 dxe4 12. Nxe4 Be7 13. Rad1 O-O 14. Qb3 b5 15. a4 Na5 16. Qc2 c6 17. Ne5 Qd5 18. Nd2 Nh4 19. f3 c5 20. Nxg6 fxg6 21. Be4 Qd7 22. Be5 Rac8 23. axb5 cxd4 24. bxa6 dxc3 25. Bxc3 Qa7+ 26. Kh1 Qxa6 27. Bd3 Qd6 28. Ne4 Qb8 29. Qa4 Nb3 30. Qd7 Nf5 31. Qxe6+ Kh8 32. Be5 Qb7 33. Ba6 Rc6 34. Qxf5 Rxf5 35. Bxb7 Rb6 36. Bd6 Rxb7 37. Bxe7 Kg8 38. Rd8+ Kf7 39. Ba3 Ke6 40. Nd6 1-0

[Event "Chigorin Memorial 2018"]
[Site "St. Petersburg"]
[Date "2018.10.29"]
[Round "3"]
[White "Paravyan, David"]
[Black "Vlasenko, Miroslav"]
[Result "1-0"]
[WhiteElo "2629"]
[BlackElo "2411"]
[Annotator "TA"]
[PlyCount "91"]
[EventDate "2018.10.27"]
[EventType "swiss"]
[EventCountry "RUS"]
[SourceTitle "playchess.com"]
[Source "ChessBase"]
[SourceQuality "1"]

1. d4 f5 2. Bg5 g6 3. Nc3 Bg7 4. f3 h6 5. Bh4 c5 6. e3 cxd4 7. exd4 Qb6 8. Bc4 e6 9. Nge2 Nf6 10. Qd2 Nc6 11. Bf2 Qb4 12. Bb3 Na5 13. Nf4 g5 14. Ng6 Rg8 15. Ne5 Nxb3 16. axb3 d5 17. Qe2 Nd7 18. Nd3 Qe7 19. O-O Kf7 20. Rfe1 Bf6 21. Nb5 Nf8 22. Ne5+ Bxe5 23. dxe5 Ng6 24. Nd6+ Kg7 25. Rxa7 Rxa7 26. Bxa7 Kh7 27. Bd4 Bd7 28. Qd2 Nh4 29. Bf2 d4 30. Qxd4 Bc6 31. Bxh4 gxh4 32. Qf4 h3 33. g3 Qc7 34. Kf2 Qb6+ 35. Qe3 Qa5 36. Rd1 f4 37. Qxf4 Qc5+ 38. Qe3 Qxc2+ 39. Rd2 Qc1 40. Nf5 exf5 41. Rd7+ Bxd7 42. Qxc1 Rc8 43. Qd2 Be6 44. Ke3 Kg6 45. Qb4 Rc2 46. Qb6 1-0

[Event "Chigorin Memorial 2018"]
[Site "St. Petersburg"]
[Date "2018.10.29"]
[Round "3"]
[White "Khismatullin, Denis"]
[Black "Smirnov, Artem"]
[Result "1-0"]
[WhiteElo "2617"]
[BlackElo "2405"]
[Annotator "TA"]
[PlyCount "78"]
[EventDate "2018.10.27"]
[EventType "swiss"]
[EventCountry "RUS"]
[SourceTitle "playchess.com"]
[Source "ChessBase"]
[SourceQuality "1"]

1. c4 e5 2. g3 Nf6 3. Bg2 Bc5 4. Nc3 O-O 5. Nf3 d6 6. d4 exd4 7. Nxd4 Nbd7 8. O-O a6 9. b3 Re8 10. Bb2 Ne5 11. Qd2 Rb8 12. Rac1 Bd7 13. Nd5 c6 14. Ne3 Nfg4 15. Nd1 f5 16. b4 Bb6 17. h3 Nh6 18. c5 Bc7 19. f4 Ng6 20. Nf2 Qe7 21. Rfd1 dxc5 22. bxc5 Rbd8 23. Qc3 Qf7 24. e4 Ne7 25. Nf3 fxe4 26. Ng5 Qg6 27. Bxe4 Bf5 28. Qb3+ Nd5 29. Bxd5+ cxd5 30. Rxd5 Rxd5 31. Qxd5+ Nf7 32. c6 b5 33. h4 h6 34. h5 Qxh5 35. g4 Bxg4 36. Qxf7+ Qxf7 37. Nxf7 Bxf4 38. Nxg4 Bxc1 39. Nd6 Bxb2 1-0

[Event "Chigorin Memorial 2018"]
[Site "St. Petersburg"]
[Date "2018.10.29"]
[Round "3"]
[White "Popov, Ivan"]
[Black "Yagupov, Igor"]
[Result "1-0"]
[WhiteElo "2611"]
[BlackElo "2403"]
[Annotator "TA"]
[PlyCount "97"]
[EventDate "2018.10.27"]
[EventType "swiss"]
[EventCountry "RUS"]
[SourceTitle "playchess.com"]
[Source "ChessBase"]
[SourceQuality "1"]

1. e4 c5 2. Nf3 e6 3. d4 cxd4 4. Nxd4 Nf6 5. Nc3 Nc6 6. Nxc6 bxc6 7. e5 Nd5 8. Ne4 Bb7 9. Be2 c5 10. O-O Qc7 11. Nd6+ Bxd6 12. exd6 Qc6 13. f3 c4 14. Qd4 O-O 15. Bxc4 Rfc8 16. b3 Qxd6 17. Rd1 Qb6 18. Qxb6 Nxb6 19. Bd3 d5 20. Be3 Nd7 21. Rac1 Ne5 22. Bb5 a6 23. Be2 a5 24. Bb5 Ba6 25. c4 dxc4 26. Bxa6 Rxa6 27. f4 Ng4 28. Rxc4 Rb8 29. Bc5 h5 30. h3 Nf6 31. Rd6 Raa8 32. Kf2 Rb5 33. Kf3 Rab8 34. g4 hxg4+ 35. hxg4 Nd5 36. f5 a4 37. bxa4 Rb2 38. fxe6 fxe6 39. Rxe6 Rxa2 40. Re2 Ra1 41. g5 Rb3+ 42. Kg4 Rc3 43. Kf5 Rf1+ 44. Kg6 Rf8 45. Bxf8 Rxc4 46. Bd6 Rc8 47. a5 Ra8 48. a6 Nc3 49. Rb2 1-0

[Event "Chigorin Memorial 2018"]
[Site "St. Petersburg"]
[Date "2018.10.29"]
[Round "3"]
[White "Kokarev, Dmitry"]
[Black "Timerkhanov, Alexander"]
[Result "1-0"]
[WhiteElo "2604"]
[BlackElo "2398"]
[Annotator "TA"]
[PlyCount "105"]
[EventDate "2018.10.27"]
[EventType "swiss"]
[EventCountry "RUS"]
[SourceTitle "playchess.com"]
[Source "ChessBase"]
[SourceQuality "1"]

1. Nf3 d5 2. c4 c6 3. g3 Nf6 4. Bg2 Bg4 5. Ne5 Be6 6. cxd5 Bxd5 7. Nf3 c5 8. O-O e6 9. Nc3 Bc6 10. d3 Be7 11. e4 O-O 12. Qe2 b5 13. Ne5 b4 14. Nxc6 Nxc6 15. e5 Nd4 16. Qd1 bxc3 17. bxc3 Nd5 18. cxd4 Rc8 19. Qg4 Kh8 20. dxc5 Bxc5 21. Bg5 Be7 22. Bxe7 Nxe7 23. Qa4 Qc7 24. d4 Rfd8 25. Rab1 Nd5 26. Qa6 Nb6 27. Rfd1 g6 28. h4 Rd7 29. a4 Qc4 30. Qxc4 Rxc4 31. a5 Nd5 32. a6 Nb4 33. d5 Nxd5 34. Rb8+ Kg7 35. Rdb1 Nc3 36. R8b7 Rd2 37. Ra1 Ne2+ 38. Kh1 Rcc2 39. Rf1 Nxg3+ 40. fxg3 Rxg2 41. Rfxf7+ Kg8 42. Rfd7 Rh2+ 43. Kg1 Rcg2+ 44. Kf1 Rf2+ 45. Ke1 Re2+ 46. Kd1 Ref2 47. Rd8+ Rf8 48. Rxf8+ Kxf8 49. Rxh7 g5 50. Rxa7 gxh4 51. gxh4 Ra2 52. h5 Kg8 53. Kc1 1-0

[Event "Chigorin Memorial 2018"]
[Site "St. Petersburg"]
[Date "2018.10.29"]
[Round "3"]
[White "Goganov, Aleksey"]
[Black "Kukhmazov, Arsen"]
[Result "1-0"]
[WhiteElo "2592"]
[BlackElo "2395"]
[Annotator "TA"]
[PlyCount "55"]
[EventDate "2018.10.27"]
[EventType "swiss"]
[EventCountry "RUS"]
[SourceTitle "playchess.com"]
[Source "ChessBase"]
[SourceQuality "1"]

1. d4 d5 2. c4 c6 3. Nf3 Nf6 4. e3 Bg4 5. Nc3 e6 6. Qb3 Qb6 7. Nh4 Be7 8. h3 Bh5 9. g4 Bg6 10. Nxg6 hxg6 11. Bg2 g5 12. Bd2 Nbd7 13. O-O-O O-O-O 14. Qa4 Kb8 15. Kb1 Qc7 16. cxd5 exd5 17. Qc2 Nf8 18. f4 gxf4 19. exf4 Ng6 20. Rhf1 Ne8 21. f5 Nh4 22. Bh1 g5 23. fxg6 fxg6 24. Bf4 Nd6 25. Rde1 Qd7 26. Na4 b6 27. Rxe7 Qxe7 28. Qxc6 1-0